| 000 | 00764nam a22002417a 4500 | ||
|---|---|---|---|
| 999 |
_c13758 _d13758 |
||
| 003 | AR-CdUCM | ||
| 008 | 190416b ||||| |||| 00| 0 spa d | ||
| 040 |
_aMUNICIPALIDAD PROVINCIAL DEL CUSCO _cBIBLIOTECA MUNICIPAL DEL CUSCO |
||
| 082 |
_a733 / _bR54 |
||
| 100 |
_aRichardson, Emeline _932295 |
||
| 245 | _aEsculturas Etruscas / | ||
| 260 |
_aMéxico : _bHermes, _c1966. |
||
| 300 |
_a24, 32 páginas ; _bilustraciones, láminas plegables, _c16 cm. |
||
| 440 |
_aUNESCO, Hermes Bolsilibros de Arte. _n18 _932296 |
||
| 505 | _aContenido: Esculturas. | ||
| 650 |
_aArte Etrusco _919686 |
||
| 650 |
_aEsculturas _913595 |
||
| 650 |
_aEtruria _932297 |
||
| 650 |
_aGrecia _92521 |
||
| 710 |
_aUNESCO. _913999 |
||
| 942 |
_2ddc _cLIBROS |
||
| 945 |
_aachl _d2019-04-16 |
||